000 00810nam a2200253Ia 4500
008 130821s1999 sp gr spa
020 _a8480029218
040 _aCo-BoUCM
_bspa
041 0 0 _aspa
100 1 _aGarcía Soriano, María Vicenta
_9165424
245 1 0 _aElementos de derecho electoral
_cMaría Victoria García Soriano
260 _aValencia (España)
_bTirant Lo Blanch
_c1999
300 _a173 páginas
490 _aTirant Lo Blanch.
_pLibros
504 _aIncluye índice
650 0 4 _aDemocracia
_912617
650 0 4 _aDerecho constitucional
_912725
650 0 4 _aDerecho electoral
_912760
650 0 4 _aElecciones
_913957
650 0 4 _aPartidos políticos
_97900
650 0 4 _aSufragio
_924927
942 _cLIBRO
_a8
_e1
_mG216e
_2DEWEY
_h342.07
999 _c61388
_d61388